Statistics for Star Wars Bounty Hunters #1

Click here to take the quiz!

General Stats

  • This quiz has been taken 12 times
  • The average score is 6 of 9

Answer Stats

HintAnswer% Correct
"Son" of said bounty hunter.Boba Fett
100%
Mandalorian who's DNA was used by the KaminoansJango Fett
100%
Apprentice of Darth Tyranus, using 2 curved-hilt lightsabersAsajj Ventress
82%
Duros gunslinger, utilizing breathing tubes to counteract force chokingCad Bane
82%
Clawdite hired to assassinate Padme Amidala using poisonous bugsZam Wesell
73%
Mandalorian bounty hunter who wields the darksaberDin Djarin
64%
Former jedi padawan equipped with an comlink antenna implanted to their headAurra Sing
45%
Corellian bounty hunter who hunted Han Solo for the empire, later on severely altering himself, leaving him only a head in a cybernetic bodyDengar
36%
Near invulnerable Gen'Dai bounty hunter, who has an exteme hatred of MandaloriansDurge
18%

Score Distribution

Percentile by Number Answered

Percent of People with Each Score

Your Score History

You have not taken this quiz